000 00850nam a2200145Ia 4500
008 231221s9999 xx 000 0 und d
041 _aEnglish
082 _aCPEC15-1087
100 _aRavikant G, Biradar. Abhishek Chatterjee. Prabhakar Mishra. Koshy George.
245 0 _aFPGA Implementation Of Learning For Online System Identification
260 _c2015
500 _aFPGA Implementation Of Learning For Online System Identification Ravikant G. Biradar, Abhishek Chatterjee, Prabhakar Mishra and Koshy George PES Centre for Intelligent Systems; Dept. of Telecommunication Engineering, PES Institute of Technology (now PES University), Bangalore. International Conference on Computing and Network Communications (CoCoNet), 2015 pp. 274-282. IEEE, December 2015.
650 _aFPGA,Identification
942 _cIR
999 _c233612
_d233612